España en 1868 : (Record no. 190112)

MARC details
000 -LEADER
campo de control de longitud fija 00513nam a2200169 i 4500
001 - NÚMERO DE CONTROL
campo de control 190112
003 - IDENTIFICADOR DE NÚMERO DE CONTROL
campo de control ES-MaACL
005 - FECHA Y HORA DE LA ÚLTIMA TRANSACCIÓN
campo de control 20250725093850.0
008 - DATOS DE LONGITUD FIJA--INFORMACIÓN GENERAL
campo de control de longitud fija 200729s1868 sp |||| | spa d
080 ## - NÚMERO DE LA CLASIFICACIÓN DECIMAL UNIVERSAL
Número de la Clasificación Decimal Universal 94(460)"1868"
245 00 - MENCIÓN DEL TÍTULO
Título España en 1868 :
Resto del título cuestión política /
Mención de responsabilidad, etc. por D. B.C.R.
260 ## - PUBLICACIÓN, DISTRIBUCIÓN, ETC.
Lugar de publicación, distribución, etc. Madrid :
Nombre del editor, distribuidor, etc. [s.n.],
Fecha de publicación, distribución, etc. 1868 (
Fabricante Eduardo Cuesta)
300 ## - DESCRIPCIÓN FÍSICA
Extensión 116 p. ;
Dimensiones 23 cm.
651 #7 - PUNTO DE ACCESO ADICIONAL DE MATERIA--NOMBRE GEOGRÁFICO
Nombre geográfico España-
Subdivisión general Política y gobierno-
Subdivisión cronológica 1843-1868
Fuente del encabezamiento o término
9 (RLIN) 168642
852 4# - LOCALIZACIÓN
Ubicación ES-MaACL
Número de control de estantería T-91-F-7
Holdings
Estatus retirado Estado de pérdida Estado de daño No para préstamo Colección Biblioteca de origen Biblioteca actual Ubicación en estantería Fecha de adquisición Fuente de adquisición Total de préstamos Signatura topográfica completa Código de barras Visto por última vez Precio de reemplazo Tipo de ítem Koha
        Colección de folletos Biblioteca del Ateneo de Madrid Biblioteca del Ateneo de Madrid Depósito folletos 02/04/2005     T-91-F-7 1201802 23/02/2023 23/02/2023 Folleto